| 000 | 02043nam a22004457i 4500 | ||
|---|---|---|---|
| 001 | 020453379 | ||
| 003 | Uk | ||
| 005 | 20250804142604.0 | ||
| 006 | m || d | | ||
| 007 | cr ||||||||||| | ||
| 008 | 230608s2022 enk|||||ou ||| ||eng | ||
| 020 | _z9780539145151 | ||
| 040 | _aUk | ||
| 041 | _aeng | ||
| 082 | 0 | 4 | _a602.1841 |
| 110 | 2 |
_aBritish Standards Institution, _eauthor. |
|
| 245 | 1 | 0 |
_aFire risk appraisal of external wall construction and cladding of existing blocks of flats. Code of practice. _bPAS 9980:2022 _h[Online publication] |
| 260 |
_aLondon, _bBritish Standards Institution, _c31 January 2022 |
||
| 300 | _a1 online resource (193 pages) | ||
| 336 |
_atext _2rdacontent |
||
| 337 |
_acomputer _2rdamedia |
||
| 338 |
_aonline resource _2rdacarrier |
||
| 500 | _aPAS 9980:2022 | ||
| 520 | _aPAS 9980:2022 provides a methodology for the fire risk appraisal of external wall construction and cladding of existing multistorey and multi occupied residential buildings. This PAS is particularly intended for use by competent fire engineers and other competent building professionals tasked with advising on the fire risk of external wall construction of existing blocks of flats. However, it is expected that the key outputs of this appraisal will also be useful to those for whom such appraisals are carried out and those who make decisions based upon the outcome of the FRAEWs | ||
| 520 | _aUse in conjunction with BS 9792:2005 ISBN 9780539228823 | ||
| 650 | 7 | _aBUILDING SAFETY | |
| 650 | 7 | _aCLADDING | |
| 650 | 7 | _aEXTERNAL WALL SYSTEMS | |
| 650 | 7 | _aFIRE PREVENTION | |
| 650 | 7 | _aFIRE SAFETY | |
| 651 | _aUnited Kingdom | ||
| 690 |
_96223 _aBuilding materials & defects |
||
| 690 |
_96308 _aCladding |
||
| 710 | _aBritish Standards Institution | ||
| 856 |
_uhttps://www.bsigroup.com/en-GB/standards/pas-9980/ _zAvailable free after filling in form from BSI |
||
| 903 | _aELD.DS.661160 | ||
| 942 | _n0 | ||
| 999 |
_c121537 _d121537 |
||